000 00379nam a2200109Ia 4500
008 171211s9999 xx 000 0 und d
245 _aSketch!: The Non-Artist's Guide to Inspiration, Technique, and Drawing Daily Life
245 _cFrance Belleville-Van Stone
260 _c2014
650 _xDrawing
856 _uhttp://down.ebook777.com/005/SkeTheNonGuiToInsTecAndDraDaiLif.rar
999 _c348025
_d348025